Examining holistic medicine / (Record no. 2382)
[ view plain ]
| 000 -LEADER | |
|---|---|
| fixed length control field | 00768cam a2200253 a 4500 |
| 001 - CONTROL NUMBER | |
| control field | 1916806 |
| 003 - CONTROL NUMBER IDENTIFIER | |
| control field | Ke-BoTe |
| 005 - DATE AND TIME OF LATEST TRANSACTION | |
| control field | 20220510095441.0 |
| 008 - FIXED-LENGTH DATA ELEMENTS--GENERAL INFORMATION | |
| fixed length control field | 851001s1985 nyua b 000 0 eng |
| 010 ## - LIBRARY OF CONGRESS CONTROL NUMBER | |
| LC control number | 85063039 |
| 020 ## - INTERNATIONAL STANDARD BOOK NUMBER | |
| International Standard Book Number | 087975303X |
| 040 ## - CATALOGING SOURCE | |
| Original cataloging agency | DLC |
| Transcribing agency | DLC |
| Modifying agency | DLC |
| 050 00 - LIBRARY OF CONGRESS CALL NUMBER | |
| Classification number | R733 |
| Item number | .E93 1985 |
| 082 00 - DEWEY DECIMAL CLASSIFICATION NUMBER | |
| Classification number | 610 |
| Edition number | 19 |
| 245 00 - TITLE STATEMENT | |
| Title | Examining holistic medicine / |
| Statement of responsibility, etc. | edited by Douglas Stalker and Clark Glymour. |
| 260 ## - PUBLICATION, DISTRIBUTION, ETC. | |
| Place of publication, distribution, etc. | Buffalo, N.Y. : |
| Name of publisher, distributor, etc. | Prometheus Books, |
| Date of publication, distribution, etc. | 1985. |
| 300 ## - PHYSICAL DESCRIPTION | |
| Extent | 406 p. : |
| Other physical details | ill. ; |
| Dimensions | 24 cm. |
| 504 ## - BIBLIOGRAPHY, ETC. NOTE | |
| Bibliography, etc. note | Bibliography: p. 393-400. |
| 650 #0 - SUBJECT ADDED ENTRY--TOPICAL TERM | |
| Topical term or geographic name entry element | Holistic medicine. |
| 9 (RLIN) | 4059 |
| 700 1# - ADDED ENTRY--PERSONAL NAME | |
| Personal name | Stalker, Douglas Frank, |
| Dates associated with a name | 1947- |
| 9 (RLIN) | 4737 |
| 700 1# - ADDED ENTRY--PERSONAL NAME | |
| Personal name | Glymour, Clark N. |
| 9 (RLIN) | 4738 |
| 906 ## - LOCAL DATA ELEMENT F, LDF (RLIN) | |
| a | 7 |
| b | cbc |
| c | orignew |
| d | 2 |
| e | opcn |
| f | 19 |
| g | y-gencatlg |
| 942 ## - ADDED ENTRY ELEMENTS (KOHA) | |
| Source of classification or shelving scheme | Library of Congress Classification |
| Koha item type | Books |
| Suppress in OPAC | No |
| Withdrawn status | Lost status | Source of classification or shelving scheme | Damaged status | Not for loan | Collection code | Home library | Current library | Shelving location | Date acquired | Total Checkouts | Full call number | Barcode | Date last seen | Price effective from | Koha item type |
|---|---|---|---|---|---|---|---|---|---|---|---|---|---|---|---|
| Library of Congress Classification | Non-fiction | SCHOOL OF HEALTH SCIENCES | SCHOOL OF HEALTH SCIENCES | General Stacks | 10.05.2022 | R733.E93 1985 | 00002037 | 10.05.2022 | 10.05.2022 | Books |
